000 00485nam a2200205Ia 4500
005 20240823060923.0
008 240823s9999||||xx |||||||||||||| ||und||
020 _a81-219-0493-5
041 _aENGLISH
082 _A657.42 P6
100 _aPillai R S N
245 0 _aCost Accounting
250 _a6th
260 _c2006
_bS.Chand & Compan
500 _aTRANSFERED
650 _acost Accounting
_bManagement Studies
700 _aBagavathi V
942 _cBK
999 _c232283
_d232283